Business communication today (Record no. 33638)

MARC details
000 -LEADER
fixed length control field 00408nam a22001697a 4500
005 - DATE AND TIME OF LATEST TRANSACTION
control field 20230919152807.0
008 - FIXED-LENGTH DATA ELEMENTS--GENERAL INFORMATION
fixed length control field 230919b |||||||| |||| 00| 0 eng d
082 ## - DEWEY DECIMAL CLASSIFICATION NUMBER
Classification number 658.45
Item number BOV-B
100 ## - MAIN ENTRY--AUTHOR
Author Name Bovee courtland l.
245 ## - TITLE STATEMENT
Title Business communication today
250 ## - EDITION STATEMENT
Edition statement 7th ed.
300 ## - PHYSICAL DESCRIPTION
Pages 118
500 ## - GENERAL NOTE
General note Inclued suject index
650 ## - SUBJECT ADDED ENTRY--TOPICAL TERM
Subject / Department Management
700 ## - ADDED ENTRY--PERSONAL NAME
Personal name Courtland l.Bovee
952 ## - LOCATION AND ITEM INFORMATION (KOHA)
-- 0
-- 0
Holdings
Lost status Damaged status Permanent Location Current Location Shelving Location Date acquired Full Call Number Accession No./Barcode Date last seen item type
    Superior Information Resource Center (SIRC) Superior University- Central Library Superior Information Resource Center (SIRC) Superior University- Central Library Management 09/19/2023 658.45 BOV-B 20524 09/19/2023 BOOK

Powered by Koha